000 00485nam a2200217Ia 4500
001 13812
003 GE_BSU
008 181216s||||||||xx |||||||||||||| ||und||
020 _a0713106859
040 _cGE_BSU
080 _a94(410)
100 _aAylett,J.F.
245 _aIn search of history 1066-1485.
260 _aLondon.
260 _bEdward Arnold.
260 _c1983
300 _a96p;26cm.
300 _bill.
653 _aIn search of history 1066-1485.
942 _cBK
999 _c46958
_d46958